| 000 | 00580cam a2200133 4500500 | ||
|---|---|---|---|
| 005 | 20260111091211.0 | ||
| 041 | _afre | ||
| 042 | _adc | ||
| 245 | 0 | 0 | _aL’idea di sacrificio. Un approccio di teologia liturgica, éd. E. Mazza, coll. Scienze religiose – n.s. 5, Bologne, EDB, 2002, 21x14, 154 p., 11 €. ISBN 88-10-40381-9 |
| 260 | _c2005. | ||
| 500 | _a3 | ||
| 786 | 0 | _nNouvelle revue théologique | 127 | 1 | 2005-01-03 | p. 156j-169j | 0029-4845 | |
| 856 | 4 | 1 | _uhttps://shs.cairn.info/revue-nouvelle-revue-theologique-2005-1-page-156j?lang=fr&redirect-ssocas=7080 |
| 999 |
_c1620557 _d1620557 |
||